00651nam a2200205Ia 450000500170000000800410001702000180005804100120007608200160008810000230010424500300012725000080015726000220016550000150018765000390020270000240024194200070026595201540027299900190042620240823044639.0240823s9999||||xx |||||||||||||| ||und|| a81-7808-753-7 aENGLISH A621.3822 P2 a"Oppenheim,Alan V" 0aDigital Signal Processing a1st c2002b"PHI,New D" aTRANSFERED aSignal ProcessingbInstrumentation a" Schafer,Ronald W" cBK 00104070aNICHELIBbNICHELIBcAerospaced2014-05-27eHigginbothams Private Ltdg225.00l0o621.3822 P2p63043r2024-08-23 04:46:39w2024-08-23yBK c213092d213092